000 00281nam a2200097Ia 4500
082 _aAKF CATC
245 0 _aJy kan nie 'n seekoei skuif nie
100 _a CATCHPOOL, Michael Pretoria, 2006 1ste Afr. uitg
_963886
942 _cBK
008 210817s9999 xx 000 0 und d
999 _c202945
_d202943